Complétez l'expression française avec une image - Nombres - Statistiques

Statistiques générales
  • Ce quiz a été pris 827 fois
  • Le résultat moyen est 13 sur 16
Statistiques - réponses
Hint Réponse % Correct

Expression

Se mettre sur son ____

images?q=tbn:ANd9GcS7xirUoAWmlABLdJKPK0HIT3y1nLNRoC4YFQ&s
93%

Expression

Chercher midi à ____ heures

images?q=tbn:ANd9GcS7xirUoAWmlABLdJKPK0HIT3y1nLNRoC4YFQ&s
92%

Expression

Avoir le moral à ____

images?q=tbn:ANd9GcS7xirUoAWmlABLdJKPK0HIT3y1nLNRoC4YFQ&s
92%

Expression

En plein dans le ____

images?q=tbn:ANd9GcS7xirUoAWmlABLdJKPK0HIT3y1nLNRoC4YFQ&s
92%

Expression

Ne pas y aller par ____ chemins

images?q=tbn:ANd9GcS7xirUoAWmlABLdJKPK0HIT3y1nLNRoC4YFQ&s
91%

Expression

Faire d'une pierre ____ coups

images?q=tbn:ANd9GcS7xirUoAWmlABLdJKPK0HIT3y1nLNRoC4YFQ&s
90%

Expression

Faire les ____ pas

images?q=tbn:ANd9GcS7xirUoAWmlABLdJKPK0HIT3y1nLNRoC4YFQ&s
87%

Expression

Faire les ____ coups

images?q=tbn:ANd9GcS7xirUoAWmlABLdJKPK0HIT3y1nLNRoC4YFQ&s
84%

Expression

Ça ne casse pas ____ pattes à un canard

images?q=tbn:ANd9GcS7xirUoAWmlABLdJKPK0HIT3y1nLNRoC4YFQ&s
83%

Expression

Tourner ____ fois sa langue dans sa bouche

images?q=tbn:ANd9GcS7xirUoAWmlABLdJKPK0HIT3y1nLNRoC4YFQ&s
82%

Expression

____ tiens vaut mieux que deux tu l’auras

images?q=tbn:ANd9GcS7xirUoAWmlABLdJKPK0HIT3y1nLNRoC4YFQ&s
75%

Expression

Il n'y a pas ____ solutions

images?q=tbn:ANd9GcS7xirUoAWmlABLdJKPK0HIT3y1nLNRoC4YFQ&s
68%

Expression

S'en moquer comme de l'an ____

images?q=tbn:ANd9GcS7xirUoAWmlABLdJKPK0HIT3y1nLNRoC4YFQ&s
61%

Expression

Faire les trois-____

images?q=tbn:ANd9GcS7xirUoAWmlABLdJKPK0HIT3y1nLNRoC4YFQ&s
61%

Expression

____ à sept

images?q=tbn:ANd9GcS7xirUoAWmlABLdJKPK0HIT3y1nLNRoC4YFQ&s
52%

Expression

À la ____-quatre-deux

images?q=tbn:ANd9GcS7xirUoAWmlABLdJKPK0HIT3y1nLNRoC4YFQ&s
49%
Aucun quiz correspondant
Distribution des résultats
% des personnes avec chaque résultat
Percentile par nombre de réponses
Votre historique - résultats
Vous n’avez pas pris ce quiz